Miseria y conciencia del campesino castellano (Record no. 176345)

MARC details
000 -LEADER
campo de control de longitud fija 01037nam a22002535i 4500
001 - NÚMERO DE CONTROL
campo de control 176345
003 - IDENTIFICADOR DE NÚMERO DE CONTROL
campo de control ES-MaACL
005 - FECHA Y HORA DE LA ÚLTIMA TRANSACCIÓN
campo de control 20250831123110.0
008 - DATOS DE LONGITUD FIJA--INFORMACIÓN GENERAL
campo de control de longitud fija 110111s1977 sp |||| | spa d
020 ## - NÚMERO INTERNACIONAL ESTÁNDAR DEL LIBRO
Número Internacional Estándar del Libro 84-277-0320-1
080 ## - NÚMERO DE LA CLASIFICACIÓN DECIMAL UNIVERSAL
Número de la Clasificación Decimal Universal 334.732:631.115.8(460)
110 2# - ENTRADA PRINCIPAL--NOMBRE DE ENTIDAD CORPORATIVA
Nombre de entidad corporativa o nombre de jurisdicción como elemento de entrada Instituto de Reformas Sociales (España)
9 (RLIN) 5000
245 10 - MENCIÓN DEL TÍTULO
Título Miseria y conciencia del campesino castellano
Resto del título : ("memoria acerca de la información agraria en ambas Castillas") /
Mención de responsabilidad, etc. Instituto de Reformas Sociales ; introducción, notas y comentario de textos por Julio Arostegui.
260 ## - PUBLICACIÓN, DISTRIBUCIÓN, ETC.
Lugar de publicación, distribución, etc. Madrid :
Nombre del editor, distribuidor, etc. Narcea,
Fecha de publicación, distribución, etc. D. L. 1977.
300 ## - DESCRIPCIÓN FÍSICA
Extensión 263 p. ;
Dimensiones 18 cm.
490 1# - MENCIÓN DE SERIE
Mención de serie Bitácora. Biblioteca del estudiante ;
Designación de volumen o secuencia 62
504 ## - NOTA DE BIBLIOGRAFÍA, ETC.
Nota de bibliografía, etc. Bibliografía: p. 92-99.
650 04 - PUNTO DE ACCESO ADICIONAL DE MATERIA--TÉRMINO DE MATERIA
Término de materia o nombre geográfico como elemento de entrada Campesinado-
Subdivisión geográfica España-
Subdivisión cronológica S.XX.
9 (RLIN) 144650
650 04 - PUNTO DE ACCESO ADICIONAL DE MATERIA--TÉRMINO DE MATERIA
Término de materia o nombre geográfico como elemento de entrada Agricultura-
Subdivisión geográfica España.
9 (RLIN) 9680
700 1# - ENTRADA AGREGADA--NOMBRE PERSONAL
Nombre de persona Aróstegui, Julio,
Fechas asociadas al nombre 1939-2013
9 (RLIN) 23167
830 0# - PUNTO DE ACCESO ADICIONAL DE SERIE-TÍTULO UNIFORME
Título uniforme Bitácora. Biblioteca del estudiante ;
Designación de volumen o secuencia 62
9 (RLIN) 181903
852 ## - LOCALIZACIÓN
Ubicación ES-MaACL
Número de control de estantería E-13989
Encuadernación Olim P-1892
Holdings
Estatus retirado Estado de pérdida Estado de daño No para préstamo Biblioteca de origen Biblioteca actual Ubicación en estantería Fecha de adquisición Fuente de adquisición Total de préstamos Signatura topográfica completa Código de barras Visto por última vez Precio de reemplazo Tipo de ítem Koha
        Biblioteca del Ateneo de Madrid Biblioteca del Ateneo de Madrid Depósito 2 11/01/2011     E-13989 1185203 23/02/2023 23/02/2023 Libro impreso